00728nam a2200229 a 4500001001300000003000900013005001700022008004100039020001000080082002100090245008100111260004700192300000900239500003500248505003200283650002300315710002600338902000800364942000700372952010200379999001700481nice12345678IN_TiNIC20260116013815.0050524s1957 chia grp 000 0 eng  ac24500a909.0491411bUNI aIntroduction to the Civilization of Indiab Changing Dimensions of Indian So aChicagobUniversity of Chicago Pressc1957 a472p aincludes index and biblioraphy2 aAppendix, References, Index aCivilization-India2 aUniversity of Chicago bSRS cBK 00104070aHMIbHMId2007-06-05g245.00l0o909.0491411 UNIp016170r2007-06-05w2026-01-16yEB c12607d12607